01302nab a22002537a 4500999001500000003000400015005001700019008004100036040000700077100003100084245015400115260007300269300001200342500004500354505026400399505008900663650002400752650002800776650003000804650002700834700002900861773014500890942001301035 c6508d6508OSt20260213130752.0190604e xxu||||| |||| 00| 0 spa d cPJ 97116aSiano, Juan Martín10aEn el camino hacia los presupuestos mínimos de protección ambiental en actividades hidrocarburíferas /cJuan Martín Siano, Nicolás Bontá. aCiudad Autónoma de Buenos Aires :bThomson Reuters La Ley, c2025. ap. 5-16 aCita Online: TR LALEY AR/DOC/3200/2025.  aSumario: I. Introducción.— II. Todo es historia.— III. El decreto 1057/24.— IV. Nuevamente sobre los "presupuestos mínimos".— V. Una particularidad del marco normativo armonizado.— VI. Contenido del marco normativo armonizado.— VII. Colofón. t¿Te interesa el texto completo? Solicitalo al correo: koha@justierradelfuego.gov.ar 093979aHIDROCARBUROS 092848aDERECHO AMBIENTAL 095830aRESIDUOS PELIGROSOS 093251aDAÑO AMBIENTAL 97117aBontá, Nicolás0 0271493171dCiudad Autónoma de Buenos Aires : Thomson Reuters La Ley, 2014-tRevista anales de legislación argentina. Nº 1- Enero 2026. 2udccANA